000 004250000a22001690004500
003 MACL
005 20151219135616.0
008 151219b xxu||||| |||| 00| 0 eng d
040 _aMACL
_cMACL
041 _aEnglish
082 _a333/CHI
100 _aChiras, Daniel D
_921384
245 _aEnviromental Science
260 _bWadsworth Publishing Company
_c1998
650 _aEnvironment
_921385
942 _cBK
_k333/CHI
_2ddc
999 _c40255
_d40255